000 00505cam a2200157 a 4500
001 000006670
005 20200929153954.0
008 800313s1977 cu a f001 0 spa
040 _aDO-SdBNP
_bspa
_cBNPHU
082 _a963.06
_bV145e
100 1 _aValdés Vivó, Raúl.
_918567
245 1 0 _aEtiopía :
_bla revolución desconocida /
_cRaúl Valdés Vivó.
260 _aLa Habana :
_bCiencias Sociales,
_c1977.
300 _a147 p. :
_bil. ;
_c19 cm.
651 4 _aEtiopía
_xHistoria
_yREVOLUCIÓN, 1974.
_918568
999 _c6459
_d6459